Evaluation du niveau de fertilité des sols sous divers agroécosystèmes du Niébé dans la valée de l'Ouémé (Record no. 30551)

MARC details
000 -LEADER
fixed length control field 01020 a2200325 4500
041 ## - CODE DE LANGUE
Language code of summary or abstract/overprinted title or subtitle Fr
041 ## - CODE DE LANGUE
Language code of summary or abstract/overprinted title or subtitle En
040 ## - SOURCE DU CATALOGAGE
Original cataloging agency Doc.
041 ## - CODE DE LANGUE
Language code of summary or abstract/overprinted title or subtitle Fr
041 ## - CODE DE LANGUE
Language code of summary or abstract/overprinted title or subtitle En
100 ## - VEDETTE PRINCIPALE - NOM DE PERSONNE
Personal name GLITHO, Maxime N.
130 ## - VEDETTE PRINCIPALE - TITRE UNIFORME
Language of a work Fr
245 ## - TITLE STATEMENT
Title Evaluation du niveau de fertilité des sols sous divers agroécosystèmes du Niébé dans la valée de l'Ouémé
300 ## - PHYSICAL DESCRIPTION
Extent XVII-111 p.
300 ## - PHYSICAL DESCRIPTION
Other physical details ill., graph., tabl., 29 cm
502 ## - DISSERTATION NOTE
Dissertation note Thèse
520 ## - SUMMARY, ETC.
Summary, etc Ce travail a évalué la fertilité des six (06) sols d'agroécosystèmes différents de la vallée de l'Ouémé
653 1# - INDEX TERM--UNCONTROLLED
Uncontrolled term Sciences et Techniques de Production Végétale
650 ## - SUBJECT ADDED ENTRY--TOPICAL TERM
Topical term or geographic name as entry element SOL
650 ## - SUBJECT ADDED ENTRY--TOPICAL TERM
Topical term or geographic name as entry element FERTILITE
650 ## - SUBJECT ADDED ENTRY--TOPICAL TERM
Topical term or geographic name as entry element AGRONOMIE
651 ## - SUBJECT ADDED ENTRY--GEOGRAPHIC NAME
Geographic name OUEME
651 ## - SUBJECT ADDED ENTRY--GEOGRAPHIC NAME
Geographic name VALLEE DE L'OUEME
653 #1 - INDEX TERM--UNCONTROLLED
Uncontrolled term Sciences et Techniques de Production Végétale
651 ## - SUBJECT ADDED ENTRY--GEOGRAPHIC NAME
Geographic name BENIN
690 ## - LOCAL SUBJECT ADDED ENTRY--TOPICAL TERM (OCLC, RLIN)
Topical term or geographic name as entry element AGROECOSYSTEME
690 ## - LOCAL SUBJECT ADDED ENTRY--TOPICAL TERM (OCLC, RLIN)
Topical term or geographic name as entry element NIEBE
710 ## - ADDED ENTRY--CORPORATE NAME
Corporate name or jurisdiction name as entry element <Abomey-Calavi>, <Université d'Abomey-Calavi>, <FAculté des Sciences Agronomiques>, <UAC>, <BJ>
Holdings
Withdrawn status Lost status Damaged status Not for loan Location (home branch) Sublocation or collection (holding branch) Date acquired Koha issues (times borrowed) Koha full call number Koha date last seen Copy number Price effective from Koha item type Public note
        Bibliothèque-Centre de Documentation de la Faculté des Sciences Agronomiques Bibliothèque-Centre de Documentation de la Faculté des Sciences Agronomiques 08/05/2005   A.8640.TPV.2001.005 28/02/2009 03 28/02/2009 Livre A.8635


© 2008, Bibliothèques de l'Université d'Abomey-Calavi

04 BP 789 Cotonou, Tél. : +229 21 36 01 01, Fax : +229 21 35 06 32

Courriel : bu@bu.uac.bj